American Athletes - Sudden Death - Statistics

General Stats
  • This quiz has been taken 2,964 times
    2,961 since last reset
  • The average score is 11 of 22
Answers on the Grid
Answers color-coded by a green-red scale on the quiz's grid according to % correct below.
Alex Morgan
Andy Murray
Arnold Palmer
Babe Ruth
Brian O’Driscoll
Canelo Álvarez
Chris Froome
David Beckham
Dirk Nowitzki
Francis Ngannou
Giannis Antetokounmpo
Jack Nicklaus
Jackie Robinson
Jacques Villeneuve
Joe DiMaggio
LeBron James
Lewis Hamilton
Lionel Messi
Manny Pacquiao
Michael Jordan
Michael Phelps
Michael Schumacher
Mo Farah
Muhammad Ali
Naomi Osaka
Nikola Jokić
Patrick Mahomes
Patrick Roy
Pete Sampras
Phil Mickelson
Rocky Marciano
Roger Federer
Rory McIlroy
Serena Williams
Shaquille O’Neal
Shohei Ohtani
Simone Biles
Stephen Curry
Steve Nash
Tiger Woods
Tom Brady
Tony Hawk
Travis Kelce
Tyson Fury
Usain Bolt
Virat Kohli
Yao Ming
Zlatan Ibrahimović
 
Answer Stats
Answer % Correct
Babe Ruth
72%
LeBron James
72%
Michael Jordan
71%
Michael Phelps
66%
Muhammad Ali
59%
Serena Williams
55%
Shaquille O’Neal
54%
Tiger Woods
54%
Tom Brady
53%
Alex Morgan
52%
Joe DiMaggio
50%
Simone Biles
50%
Stephen Curry
50%
Jackie Robinson
49%
Arnold Palmer
46%
Patrick Mahomes
45%
Travis Kelce
45%
Tony Hawk
43%
Jack Nicklaus
36%
Pete Sampras
29%
Phil Mickelson
29%
Rocky Marciano
24%
No matching quizzes found
Score Distribution
Percent of People with Each Score
Percentile by Number Answered
Your Score History
You have not taken this quiz since the last reset